header

The sage of Seville (Record no. 80616)

MARC details
000 -LEADER
fixed length control field 01350nam a2200301Ia 4500
100 1# - MAIN ENTRY--AUTHOR NAME
Personal name Azar, Henry A.,
245 14 - TITLE STATEMENT
Title The sage of Seville
260 ## - PUBLICATION, DISTRIBUTION, ETC. (IMPRINT)
Place of publication Cairo ;
-- New York :
Name of publisher American University in Cairo,
Year of publication 2008.
300 ## - PHYSICAL DESCRIPTION
Number of Pages xii, 192 p., [12] p. of plates :
Other physical details ill. (some col.)
650 #0 - SUBJECT ADDED ENTRY--TOPICAL TERM
Topical Term Medicine, Arab
Topical Term Muslim physicians
856 40 - ELECTRONIC LOCATION AND ACCESS
Uniform Resource Identifier http://site.ebrary.com/lib/rucke/Doc?id=10409533

No items available.

© 2026 Rongo University
Contact us: librarian | system librarian | Rongo university